|
|
|
|
| LEADER |
00000nab a2200000 a 4500 |
| 001 |
vtls009480576 |
| 003 |
SK-MaSNL |
| 005 |
20260304151113.0 |
| 008 |
250506 1973 xo 000 0 slo |
| 015 |
|
|
|a SNBRB1973
|
| 035 |
|
|
|a (uuid)051df092-4091-49af-8332-41f94bf8f623
|
| 035 |
|
|
|a urn:nbn:sk:snk-ab1svx
|
| 035 |
|
|
|a (urnnbn)urn:nbn:sk:snk:ar-a00nz1
|
| 040 |
|
|
|a SNKBUCL
|b slo
|c SNKBUCL
|e AACR2
|
| 041 |
0 |
|
|a slo
|
| 044 |
|
|
|a xo
|c SK
|
| 080 |
|
|
|a 808.54
|2 2001
|
| 245 |
0 |
0 |
|a Moravský festival poézie
|c [autor] V. Z.
|
| 300 |
|
|
|b Obr.
|
| 611 |
2 |
7 |
|a Moravský festival poézie
|n (8. :
|d 1972 :
|c Valašské Meziřiči, Česko)
|2 snkbucl
|9 1472335
|
| 650 |
0 |
7 |
|a recitácie
|2 snkbucl
|9 31371
|
| 773 |
0 |
|
|t Javisko
|g Roč. 5, č. 1 (1973), s. 8-9
|
| 850 |
|
|
|a Slovenská národná knižnica
|
| 852 |
|
|
|a Slovenská národná knižnica
|
| 954 |
|
|
|a odborná, vedecká literatúra pôvodná (slovenská)
|2 lita
|
| 958 |
|
|
|a article27
|
| 958 |
|
|
|a OND
|
| 958 |
|
|
|a EUIPO
|
| 999 |
|
|
|c 2941518
|d 2943448
|